000 00714nam a2200217Ia 4500
008 100315s9999 xx 000 0 und d
020 _a8174935886 
040 _cENGLISH 
082 _b4256 
_a658.8342 
100 _a"Nair, Suja R. "
245 _aConsumer Behaviour ( Text & Cases )
260 _aMumbai 
_bHimalaya Publishing House  
_c2002 
300 _a319p. 
365 _eRupees 
_d
_b425.00 
366 _f
505 _gTushar Jadhav 
620 _a"The Role of Consumer Behaviour in Marketing, Consumer Decisions making process, Diffusing of Innovation "
630 _aConsumer Behaviour ( Text & Cases )
730 _aConsumer Behaviour ( Text & Cases )
942 _cBOOK
999 _c478991
_d478988